Spatial analysis along networks : statistical and computational methods

Αποθηκεύτηκε σε:
Λεπτομέρειες βιβλιογραφικής εγγραφής
Κύριος συγγραφέας: Okabe, Atsuyuki 1945-
Άλλοι συγγραφείς: Sugihara, Kokichi 1948-
Μορφή: Βιβλίο
Γλώσσα:English
Δημοσίευση: Chichester : John Wiley & sons, 2011.
Θέματα:
Ετικέτες: Προσθήκη ετικέτας
Δεν υπάρχουν, Καταχωρήστε ετικέτα πρώτοι!

MARC

LEADER 00000nam a2200000 a 4500
001 1/111614
008 160831s2011####enk| ||| |001 |deng||
020 |a 9780470770818  
040 |a GR-MyUa  |b gre  |c GR-MyUa  |e AACR2 
041 0 |a eng 
082 7 |a 519.536   |2 (23)  
100 1 |a Okabe, Atsuyuki  |d 1945- 
245 1 0 |a Spatial analysis along networks :   |b statistical and computational methods /   |c Atsuyuki Okabe, Kokichi Sugihara.  
260 |a Chichester :   |b John Wiley & sons,   |c 2011.  
300 |a xviii, 288 σ. ;   |c 24 εκ.  
504 |a Περιλαμβάνει βιβλιογραφία και ευρετήριο.  
650 0 |a Spatial analysis (Statistics) 
650 0 |a Geography  |x Network analysis. 
700 1 |a Sugihara, Kokichi  |d 1948- 
852 |a INST  |b LESVOS  |c BK  |e 20160831  |h 519.536 OKA  |p 005100058376  |q 005100058376  |t BK  |y 4  |x 20200221 
922 |a 1ΕΛΗ  |b 2016-05  |c Τμήμα Γεωγραφίας  |d Δρες 
970 |z 31-08-2016